| 000 | 00919cam a22002775a 4500 | ||
|---|---|---|---|
| 001 | 7894190 | ||
| 005 | 20240818093030.0 | ||
| 008 | 730105t1950 nyu frb 001 0 eng d | ||
| 020 | _a9781468494426 | ||
| 035 | _a(OCoLC)529634 | ||
| 040 |
_aDLC _cODaWU _dOCoLC _dUk _dDLC _dEG-ScBUE _beng |
||
| 082 | 0 | 4 |
_a513.83 _222 _bHAL |
| 100 | 1 |
_aHalmos, Paul R. _q(Paul Richard), _d1916-2006. |
|
| 245 | 1 | 0 |
_aMeasure theory / _cPaul R. Halmos. |
| 260 |
_aNew York : _bSpringer Science + Business Maedia, _cc.1950. |
||
| 300 |
_axi, 304 p. ; _c24 cm. |
||
| 490 | 0 |
_aGraduate texts in mathematics, _v18. |
|
| 504 | _aIncludes bibliographical references and index. | ||
| 650 | 7 |
_aTopology. _2BUEsh _96178 |
|
| 650 | 7 |
_aMeasure theory. _2BUEsh _937347 |
|
| 653 |
_bGGEN _cFebruary2018 |
||
| 942 |
_2ddc _hRDA-MOD |
||
| 999 |
_c26085 _d26057 |
||
| 336 |
_2rdacontent _atext _btxt |
||
| 337 |
_aunmediated _2rdamedia _bn |
||
| 338 |
_avolume _bnc _2rdacarrier |
||